000 00527nam a22001577a 4500
999 _c61052
_d61052
005 20231212150803.0
008 231212s1954 ru ||||| |||| 00| 0 rus d
041 _arus
080 _a902.6 A-88
100 _aАрциховский, А. В.
_920676
245 _aОсновы археологии /
_cА. В. Арциховский.
264 _aМ.:
_bПолитическая литература,
_c1954.
300 _a279 c.:
_bил.;
_c23 см.
653 _aარქეოლოგია
942 _2udc
_cᲬᲘᲒᲜᲘ